Вып. 19 : Краткий анализ принципиальных схем движителей для бездорожья по результатам экспериментальных работ НАМИ; Труды Центрального научно-исследовательского автомобильного и автомоторного института (НАМИ)

Bibliographische Detailangaben
Parent link:Труды Центрального научно-исследовательского автомобильного и автомоторного института (НАМИ): сборник научных статей/ Центральный научно-исследовательский автомобильный и автомоторный институт (НАМИ) ; отв. ред. А. А. Липгарт. Вып. 19 : Краткий анализ принципиальных схем движителей для бездорожья по результатам экспериментальных работ НАМИ.— .— Москва: Типография НАМИ, 1959-1976
1. Verfasser: Коротоношко Н. И.
Körperschaft: Государственный научно-исследовательский автомобильный и автомоторный институт (НАМИ)
Weitere Verfasser: Липгарт А. А. (редактор)
Sprache:Russisch
Veröffentlicht: Москва, Типография НАМИ, 1960
Schlagworte:
Format: MixedMaterials Buch
KOHA link:https://koha.lib.tpu.ru/cgi-bin/koha/opac-detail.pl?biblionumber=675897

MARC

LEADER 00000nam0a2200000 4500
001 675897
005 20241101190748.0
035 |a (RuTPU)RU\TPU\book\344906 
090 |a 675897 
100 |a 20241028d1960 km|y0rusy50 ca 
101 0 |a rus 
102 |a RU 
105 |a a z 001zy 
181 0 |a i   |b  e  
182 0 |a n 
183 0 |a nc  |2 RDAcarrier 
200 0 |a Вып. 19 : Краткий анализ принципиальных схем движителей для бездорожья по результатам экспериментальных работ НАМИ  |g Центральный научно-исследовательский автомобильный и автомоторный институт (НАМИ) ; отв. ред. А. А. Липгарт  |f Н. И. Коротоношко 
203 |a Текст  |b визуальный  |c непосредственный 
210 |a Москва  |c Типография НАМИ  |d 1960 
215 |a 28 с.  |c ил. 
283 |a volume 
461 1 |0 676182  |9 676182  |c Москва  |d 1959-1976  |f Центральный научно-исследовательский автомобильный и автомоторный институт (НАМИ) ; отв. ред. А. А. Липгарт  |n Типография НАМИ  |n Машгиз  |o сборник научных статей  |t Труды Центрального научно-исследовательского автомобильного и автомоторного института (НАМИ)  |v Вып. 19 : Краткий анализ принципиальных схем движителей для бездорожья по результатам экспериментальных работ НАМИ 
606 |a Движители  |9 36261 
610 1 |a аэросани 
610 1 |a червячные движетели 
610 1 |a мотосани 
610 1 |a полугусеничные автомобили 
610 1 |a гусеничные машины 
610 1 |a колесные автомобили 
610 1 |a высокая проходимость 
610 1 |a повышение 
610 1 |a грузовые автомобили 
610 1 |a испытания 
675 |a 621.892  |v 4 
700 1 |a Коротоношко  |b Н. И. 
702 1 |a Липгарт  |b А. А.  |4 340 
712 0 2 |a Государственный научно-исследовательский автомобильный и автомоторный институт (НАМИ)  |c (Москва)  |c (1946-1957)  |3 (RuTPU)RU\TPU\col\13490 
801 1 |a RU  |b 63413507  |c 20241028 
801 2 |a RU  |b 63413507  |c 20241028  |g RCR 
942 |c CR